000 00615cam a2200205u 4500
001 med47000421
003 DLC
005 20260227111559.0
008 830216s1947 dcu 000 0 eng
010 _amed47000421
040 _aDLC
_cCarP
_dDLC
043 _an-us---
050 0 0 _aRA790
_b.F34
100 1 _aFelix, Robert H.
_q(Robert Hanna),
_d1904-
245 1 4 _aThe relation of the National mental health act to state health authorities,
260 _a[Washington,
_bU. S. Govt. print. off.,
_c1947]
300 _a1 p.l., 9 p.
_c23 cm.
650 0 _aMental health.
650 0 _aPublic health
_zUnited States.
999 _c38071
_d38071